|
|
|
|
| LEADER |
00000nbm0a2200000 4500 |
| 001 |
194391 |
| 005 |
20231101224542.0 |
| 035 |
|
|
|a (RuTPU)RU\TPU\book\212013
|
| 090 |
|
|
|a 194391
|
| 100 |
|
|
|a 20110414d1946 k y0rusy50 ca
|
| 101 |
0 |
|
|a rus
|
| 102 |
|
|
|a RU
|
| 105 |
|
|
|a a m 001zy
|
| 200 |
1 |
|
|a Периодическо-ритмические явления
|e диссертация на соискание ученой степени доктора геолого-минералогических наук
|f А. М. Кузьмин
|g Томский политехнический институт (ТПИ)
|h I-VIII
|
| 210 |
|
|
|a Томск
|c ТПИ
|d 1946-1947
|
| 215 |
|
|
|a 610 с.
|c ил.
|
| 320 |
|
|
|a Библиография в конце глав.
|
| 606 |
1 |
|
|a Геология физическая
|2 stltpush
|3 (RuTPU)RU\TPU\subj\6124
|9 34082
|
| 606 |
1 |
|
|a Минералы
|x Типоморфные свойства
|2 stltpush
|3 (RuTPU)RU\TPU\subj\43987
|9 63388
|
| 610 |
1 |
|
|a минералогия
|
| 610 |
1 |
|
|a периодичность
|
| 610 |
1 |
|
|a периодические явления
|
| 610 |
1 |
|
|a ритмичность
|
| 610 |
1 |
|
|a железняк
|
| 610 |
1 |
|
|a оолиты
|
| 610 |
1 |
|
|a агат
|
| 610 |
1 |
|
|a слои
|
| 610 |
1 |
|
|a осадки
|
| 610 |
1 |
|
|a известняки
|
| 610 |
1 |
|
|a сланцеватость
|
| 610 |
1 |
|
|a диссертации
|
| 610 |
1 |
|
|a труды учёных ТПУ
|
| 675 |
|
|
|a 549.01(04)
|v 3
|
| 675 |
|
|
|a 551.1/.4(04)
|v 3
|
| 700 |
|
1 |
|a Кузьмин
|b А. М.
|c российский геолог
|c профессор Томского политехнического института
|f 1891-1980
|g Алексей Михайлович
|2 stltpush
|3 (RuTPU)RU\TPU\pers\13901
|
| 712 |
0 |
2 |
|a Томский политехнический институт (ТПИ)
|c (1944-1991)
|2 stltpush
|3 (RuTPU)RU\TPU\col\1123
|
| 801 |
|
1 |
|a RU
|b 63413507
|c 20110414
|
| 801 |
|
2 |
|a RU
|b 63413507
|c 20191127
|g RCR
|
| 942 |
|
|
|c BK
|